| 000 | 00672nam a22002177a 4500 | ||
|---|---|---|---|
| 999 |
_c16618 _d16618 |
||
| 003 | AR-CdUCM | ||
| 008 | 190504b ||||| |||| 00| 0 spa d | ||
| 040 |
_aMUNICIPALIDAD PROVINCIAL DEL CUSCO _cBIBLIOTECA MUNICIPAL DEL CUSCO |
||
| 082 |
_25ed. _a843 / _bD97 |
||
| 100 |
_aDumas, Alejandro _92589 |
||
| 245 |
_aLos tres mosqueteros : _bLes trois mousquetaires / |
||
| 260 |
_aBuenos Aires : _bSopena Argentina, _c1958. |
||
| 300 |
_a171 paginas ; _c23 cm. |
||
| 500 | _aHistoria novela y literatura | ||
| 505 | _aContenido: Novela | ||
| 650 |
_aLiteratura _983 |
||
| 650 |
_aHistoria _9136 |
||
| 650 |
_aNovela _95 |
||
| 942 |
_2ddc _cLIBROS |
||
| 945 |
_apjha _d2019-05-04 |
||